Final Fantasy VIII - Statistics

General Stats
  • This quiz has been taken 1,019 times
    1,017 since last reset
  • The average score is 22 of 37
Answer Stats
Hint Answer % Correct
Who is the protagonist? Squall Leonhart
99%
What martial artist has a passion for hot dogs? Zell Dincht
89%
Who is the protagonist's instructor? Quistis Trepe
88%
Who is the protagonist's headmaster? Cid Kramer
86%
Who is part of a resistence faction in Timber? Rinoa Heartilly
84%
Who disobeys orders during the first mission? Seifer Almasy
84%
What cheerful girl loves trains? Selphie Tilmitt
84%
What term refers to the three military training academies? Garden
80%
What elite military force recuits students from their final exams? SeeD
80%
Who is the unwilling puppet of ^? Edea Kramer
79%
Who is the villain? Ultimecia
79%
Which branch does the protagonist attend? Balamb
77%
What aspiring journalist becomes president of Esthar? Laguna Loire
77%
What marksman is a consummate ladies man? Irvine Kinneas
76%
What platform was Final Fantasy VIII originally released on? Sony Playstation
71%
What year was Final Fantasy VIII released? 1999
69%
What is the protagonist's sword called? Gun Blade
66%
The main characters were raised in what type of institution? Orphanage
65%
What is the name of the airship? Ragnarok
63%
What is caused by the overuse of Guardian Forces? Amnesia
60%
What new battle system allows the player to draw spells out of enemies? Junction System
57%
Where does the preliminary test take place? Fire Cavern
53%
What is the name of the card game? Triple Triad
53%
Where is the prison that's holding Sorceress Adel located? Lunar Base
52%
Who loses his voice? Ward Zabac
50%
What song is sung during the ending? Eyes On Me
46%
Who composed the music for Final Fantasy VIII? Nobuo Uematsu
46%
What former Galbadian soldier is an amateur actor? Kiros Seagill
45%
What giant crystal pillar rests beneath the ocean? Lunatic Pandora
35%
Who financed ^? NORG
34%
What pacifist town is built around a defunct train station? Fisherman's Horizon
33%
What is the embodiment of the protagonist's idea of the most powerful force possible? Griever
28%
What event does ^ trigger? Lunar Cry
28%
How far back in time do the "flashbacks" take place? 17 years
22%
What is the villain's ultimate black magic spell? Apocalypse
16%
What device is the villain using to possess people in different times? Junction Machine Ellone
7%
Who invented ^? Orlan
1%
No matching quizzes found
Score Distribution
Percent of People with Each Score
Percentile by Number Answered
Your Score History
You have not taken this quiz since the last reset